000 00962nam a2200265 i 4500
001 bg
245 0 0 _aPodatek dochodowy od osób prawnych :
_brok 2003 : komentarz /
_cred. Janusz Marciniuk ; aut. Andrzej Andrusiuk [et al.].
250 _a3 wyd., stan prawny styczeń 2003.
260 _aWarszawa :
_bC. H. Beck,
_c2003.
300 _aXIII, 805 s. ;
_c22 cm.
490 1 _aPodatkowe Komentarze Becka
504 _aBibliogr. przy art. Indeks.
650 9 _aPodatek dochodowy od osób prawnych
_xprawo
_zPolska
_ystan na 2003 r.
700 1 _aMARCINIUK, Janusz.
_eRed.
700 1 _aANDRUSIUK, Andrzej
830 _aPodatkowe Komentarze Becka
020 _a8372476942
040 _cBPK
041 0 _apol
080 _a336.226.12(438)(094.5.07)
920 _a83-7247-694-2
942 _cKS
008 s pl f |000 0 pol
999 _c43033
_d43033
856 _uhttp://koha.tu.koszalin.pl/cgi-bin/koha/opac-detail.pl?biblionumber=43033
_yKatalog online BPK